Najpopularniejsze sporty w Polsce wg Google - Statystyki

Ogólne statystyki
  • Ten quiz został rozwiązany 430 razy
  • Średni wynik to 7 z 10
Statystyki odpowiedzi
Lp. Odpowiedź % Poprawnych
1 Piłka nożna
99%
3 Siatkówka
99%
8 Koszykówka
95%
4 Tenis
77%
6 Skoki narciarskie
75%
10 Hokej na lodzie
60%
9 Żużel
50%
7 Boks
46%
2 MMA
38%
5 Formuła 1
36%
Nie znaleziono quizów pasujących do podanych kryteriów
Rozkład punktacji
Procent ludzi z każdym wynikiem
Percentyl według liczby udzielonych odpowiedzi
Twoja historia wyników
Nie rozwiązałeś tego quizu